000 00911nam a2200205Ii 4500
003 JO-AjNU
008 230605s9999||||xx |||||||||||||| ||und||
040 _aJO-AjNU
_bara
_erda
_cJO-AjNU
041 _aara
050 1 4 _aHD30.28 2018
100 3 _aالجنابي، يزن سالم محمد، م.مشارك فؤاد حمودي العطار، م.مشارك اكرم محسن الياسري,
_eauthor
_957971
245 0 0 _aمفاهيم معاصرة في الادارة الاستراتيجية وتظرية المنظمة: ( استراتيجيات المزيج التسويقي، سلوك المستهلك)، ج4
250 _aط1
264 3 1 _aعمان: دار صفاء للنشر والتوزيع، 2018
300 _aج4: 224ص
336 _atext
_btxt
_2rdacontent
337 _aunmediated
_bn
_2rdamedia
338 _avolume
_bnc
_2rdacarrier
650 4 _aالادارة الاستراتيجية
_957972
999 _aA26009
_c29577
_d29577